| 000 | 00655nam a2200181 a 4500 | ||
|---|---|---|---|
| 001 | 000047337 | ||
| 005 | 20201002053548.0 | ||
| 008 | 180503s2003 dr 000 0 spa d | ||
| 040 |
_aDO-SdBNP _bspa _cBNPHU |
||
| 082 |
_a338. 97293 _bF673m 2003 |
||
| 110 | 2 |
_aFondo para el Desarrollo _bSantiago, República Dominicna _975000 |
|
| 245 | 1 | 0 |
_aMicroempresa y desarrollo : _bMemoria anual 2003 /. |
| 260 |
_aSanto Domingo : _bFONDESA, _c2003. |
||
| 300 |
_a64 p. ; _c32 cm. |
||
| 590 | _aInventariado, 2018/VM | ||
| 610 | 4 |
_aFONDO PARA EL DESARROLLO (REPÚBLICA DOMINICANA ) _975001 |
|
| 650 | 4 |
_aMicroempresas _xRepública dominicana _vMEMORIAS E INFORMES _975002 |
|
| 999 |
_c46825 _d46825 |
||